000 00253nam a2200097Ia 4500
001 747709
005 20250826164401.0
008 250824s9999 xx 000 0 und d
245 0 _aMEVLANADAN SIRLI HİKAYELER
_cMETİN CELAL
260 _bCARPEDİEM YAYINLARI
999 _c747709
_d747709